Districts of Mersin (Mersin İlinin İlçeleri) - Statistics

General Stats
  • This quiz has been taken 82 times
  • The average score is 10 of 13
Answer Stats
Population District's Name % Correct
353.469 Tarsus
96%
137.047 Silifke
91%
153.967 Erdemli
88%
63.516 Mut
87%
260.879 Akdeniz
84%
66.940 Anamur
84%
277.445 Yenişehir
79%
223.424 Mezitli
78%
33.986 Gülnar
70%
320.377 Toroslar
70%
11.662 Aydıncık
63%
26.985 Bozyazı
60%
8.692 Çamlıyayla
57%
No matching quizzes found
Score Distribution
Percent of People with Each Score
Percentile by Number Answered
Your Score History
You have not taken this quiz